| 000 | 00811nam a22002177a 4500 | ||
|---|---|---|---|
| 003 | AUA.1 | ||
| 005 | 20251028165932.0 | ||
| 008 | 250701b |||||||| |||| 00| 0 eng d | ||
| 040 | _cJTL | ||
| 100 | _aManjimela, Evans K. | ||
| 245 |
_aA strategy to train local elders to nurture new converts at Emmasdale Seventh-day Adventist Church Midlands West Zambia Conference / _cEvans K. Manjimela. |
||
| 260 | _cc2024 | ||
| 300 |
_ax, 89 leaves : _bIllustrations : _c30 cm. |
||
| 610 |
_aSeventh-day Adventist Church : _bMidlands West Zambia Conference |
||
| 650 | _aElders (Church officers) | ||
| 650 | _aChristian converts | ||
| 650 | _aSeventh-Day Adventist converts | ||
| 650 | _aChurch members, New | ||
| 650 | _aChurch work with new church members | ||
| 942 |
_2aua _cPROJECT _hMDiv _i.M36 2024 |
||
| 999 |
_c25119 _d25119 |
||